<An> introduction to efficiency and productivity analysis

Uložené v:
Podrobná bibliografia
Hlavný autor: Coelli, Timothy J.
Médium: Kniha
Jazyk:English
Vydavateľské údaje: New York Springer 2005
Vydanie:2nd ed.
Predmet:
Tagy: Pridať tag
Žiadne tagy, Buďte prvý, kto otaguje tento záznam!

MARC

LEADER 00000nam a2200000 4500
001 0193794
005 20221129082712.4
020 |a 0-387-24266-X (paperback) 
020 |a 0-387-24265-1 (hardcover) 
041 0 |a eng 
044 |a US 
245 1 0 |a <An> introduction to efficiency and productivity analysis  |c by Timothy J. Coelli ... [et al.] 
250 |a 2nd ed. 
264 1 |a New York  |b Springer  |c 2005 
300 |a 349 s. 
610 2 0 |a produkcia 
610 2 0 |a teórie ekonomické 
610 2 0 |a funkcie produkčné 
610 2 0 |a produktivita 
610 2 0 |a efektívnosť 
610 2 0 |a meranie 
610 2 0 |a meranie produkcie 
610 2 0 |a dáta 
610 2 0 |a analýzy 
610 2 0 |a odhady 
610 2 0 |a modelovanie ekonometrické 
610 2 0 |a technológia výroby 
610 2 0 |a metódy simulačné 
610 2 0 |a modely stochastické 
610 2 0 |a kalkulácia 
610 2 0 |a využitie počítačov 
610 2 0 |a softvér 
100 1 |a Coelli, Timothy J.